Made in Japan /

Salvato in:
Dettagli Bibliografici
Autore principale: Morita, Akito (Autore)
Natura: Libro
Lingua:ceco
Pubblicazione: Praha : Praga, 1992
Soggetti:
Tags: Aggiungi Tag
Nessun Tag, puoi essere il primo ad aggiungerne!!

MARC

LEADER 00000nam a22000003a 4500
001 stu31157
005 20150617225736.1
008 940906s1992----cs------------------cze-d
020 |a 80-85213-20-6 
040 |a STU  |b slo 
041 0 |a cze 
044 |a cs 
080 |a 338 
080 |a 658 
100 1 |a Morita, Akito  |4 aut 
245 1 |a Made in Japan /  |c [aut.] Morita,Akito 
260 |a Praha :  |b Praga,  |c 1992 
300 |a 241 s 
650 7 |a podnikanie  |2 stusub 
996 |b 284J016752  |c J*90793  |l JJSK  |s A  |a 24  |w stu31157_0001